Environment Quiz Book: (Record no. 182815)

MARC details
000 -LEADER
fixed length control field 00588 a2200193 4500
005 - DATE AND TIME OF LATEST TRANSACTION
control field 20211208163116.0
010 ## - LCCN (DPL NO)
LC control number ENG-130217
020 ## - INTERNATIONAL STANDARD BOOK NUMBER
Terms of availability 110.00
International Standard Book Number 978-93-815884-4-4
035 ## - SYSTEM CONTROL NUMBER
System control number EN-113749
037 ## - SOURCE OF ACQUISITION
Source of stock number/acquisition DBAD / PUB
082 ## - DEWEY DECIMAL CLASSIFICATION NUMBER
Classification number 333.72
100 ## - MAIN ENTRY--PERSONAL NAME
Personal name Vohra, Manasvi
245 ## - TITLE STATEMENT
Title Environment Quiz Book:
Statement of responsibility, etc Manasvi Vohra
250 ## - EDITION STATEMENT
Edition statement 2012
260 ## - PUBLICATION, DISTRIBUTION, ETC. (IMPRINT)
Place of publication, distribution, etc Darya Ganj
Name of publisher, distributor, etc V&S Publishers
Date of publication, distribution, etc 2012
270 ## - ADDRESS
City New Delhi
Electronic mail address infor@vspublishers.com
Address F-2/16, Ansari Road, Daryaganj
Postal code 110002
Telephone number 011-23240028
300 ## - PHYSICAL DESCRIPTION
Extent 135p.
Dimensions 20cm (pbk)
942 ## - ADDED ENTRY ELEMENTS (KOHA)
Institution code [OBSOLETE] dpl
Item type English Books
Source of classification or shelving scheme Dewey Decimal Classification
Classification part 333.72
Call number suffix VOH
Holdings
Withdrawn status Lost status Not for loan Collection code Home library Current library Date acquired Source of acquisition Cost, normal purchase price Full call number Barcode Copy number Cost, replacement price Koha item type
      Non-fiction Shahdara Branch Shahdara Branch 07/12/2021 DBAD/PUB 110.00 333.72 VOH EN-113749 1 110.00 English Books

© Delhi Public Library
Hit Counter
free hit counter